Reading with Allah : (Record no. 54642)
[ view plain ]
| 000 -LEADER | |
|---|---|
| fixed length control field | 01345nam a22002537a 4500 |
| 005 - DATE AND TIME OF LATEST TRANSACTION | |
| control field | 20110801171626.0 |
| 010 ## - LCCN (DPL NO) | |
| LC control number | B-423847-848 |
| 020 ## - INTERNATIONAL STANDARD BOOK NUMBER | |
| International Standard Book Number | 9780415544597 |
| Terms of availability | 595.00 |
| 035 ## - SYSTEM CONTROL NUMBER | |
| System control number | B-423847-848 |
| 037 ## - SOURCE OF ACQUISITION | |
| Source of stock number/acquisition | Allied Publishers |
| 082 ## - DEWEY DECIMAL CLASSIFICATION NUMBER | |
| Classification number | 270.68 |
| 100 1# - MAIN ENTRY--PERSONAL NAME | |
| Personal name | Gupta, Nilanjana. |
| 245 10 - TITLE STATEMENT | |
| Title | Reading with Allah : |
| Remainder of title | madrasas in West Bengal / |
| Statement of responsibility, etc | Nilanjana Gupta. |
| 260 ## - PUBLICATION, DISTRIBUTION, ETC. (IMPRINT) | |
| Place of publication, distribution, etc | New Delhi : |
| Name of publisher, distributor, etc | Routledge, |
| Date of publication, distribution, etc | 2009. |
| 300 ## - PHYSICAL DESCRIPTION | |
| Extent | xii, 192 pages : |
| Other physical details | illustrations ; |
| Dimensions | 22 cm (Hb) |
| 500 ## - GENERAL NOTE | |
| General note | Includes bibliographical references (pages 187-189) and index. |
| 650 #0 - SUBJECT ADDED ENTRY--TOPICAL TERM | |
| Topical term or geographic name as entry element | Islamic education |
| General subdivision | Social aspects |
| Geographic subdivision | India |
| -- | West Bengal. |
| 650 #0 - SUBJECT ADDED ENTRY--TOPICAL TERM | |
| Topical term or geographic name as entry element | Madrasahs |
| Geographic subdivision | India |
| -- | West Bengal. |
| 942 ## - ADDED ENTRY ELEMENTS (KOHA) | |
| Source of classification or shelving scheme | Dewey Decimal Classification |
| Item type | English Books |
| Call number suffix | GUP |
| Classification part | 270.68 |
| Withdrawn status | Lost status | Not for loan | Collection code | Home library | Current library | Date acquired | Source of acquisition | Cost, normal purchase price | Full call number | Barcode | Copy number | Cost, replacement price | Koha item type |
|---|---|---|---|---|---|---|---|---|---|---|---|---|---|
| Non-fiction | Central Library | Central Library | 11/08/2011 | Allied Publishers/CR/0002704/17.3.11/75/4.3.11/17.3.11 | 595.00 | 270.68 GUP | B-423847 | 1 | 595.00 | English Books | |||
| Non-fiction | Sarojini Nagar | Sarojini Nagar | 11/08/2011 | Allied Publishers/CR/0002704/17.3.11/75/4.3.11/17.3.11 | 595.00 | 270.68 GUP | B-423848 | 1 | 595.00 | English Books |
